000 00565nam a2200169 i 4500
001 88060
003 ES-MaACL
005 20231227062550.0
007 t|
008 050103s1903 sp ||||1| spa d
100 1 _aLabra, Rafael M. de,
_d1840-1918
_969273
245 1 0 _aRepúblicas contemporáneas
_b: Francia, los Estados Unidos : estudios de política y legislación comparadas /
_cRafael Mª de Labra.
260 _aMadrid :
_b[s.n.,
_c1903] (
_fTip. de Alfredo Alonso)
300 _a644 p. ;
_c18 cm.
852 _aES-MaACL
_jF-11485
999 _c88060
_d88060